Maintaining St. Augustinegrass lawns /

Bibliographic Details
Main Author: Taylor, Gene R.
Corporate Author: Texas Agricultural Extension Service
Format: Government Document Book
Language:English
Published: [College Station, Tex.] : Texas Agricultural Extension Service, Texas A&M University System, [1999]
Subjects:

MARC

Tag First Indicator Second Indicator Subfields
LEADER 00000cam a22000004a 4500
001 in00001553813
005 20151022062620.0
008 000504s1999 txu s000 0 eng d
035 |a (OCoLC)ocm43982520 
040 |a IKM  |c IKM  |d TXA  |d UtOrBLW 
049 |a TXAO 
086 |a Z TA245.7 L47 NO.5340  |2 txdocs 
100 1 |a Taylor, Gene R. 
245 1 0 |a Maintaining St. Augustinegrass lawns /  |c Gene R. Taylor II, Jason Gray. 
246 3 |a Maintaining Saint Augustinegrass lawns 
264 1 |a [College Station, Tex.] :  |b Texas Agricultural Extension Service, Texas A&M University System,  |c [1999] 
300 |a 4 unnumbered pages :  |b illustrations ;  |c 28 cm. 
336 |a text  |b txt  |2 rdacontent 
337 |a unmediated  |b n  |2 rdamedia 
338 |a volume  |b nc  |2 rdacarrier 
500 |a Caption title. 
500 |a "L-5340 11/99." 
650 0 |a Saint Augustinegrass. 
710 2 |a Texas Agricultural Extension Service. 
994 |a E0  |b TXA 
999 |a MARS 
999 f f |s 6650092f-1399-3c4a-86e6-e3b98e1848e4  |i ba665785-ef3a-3fd6-bd85-8db7c6f56a03  |t 0 
952 f f |p normal  |a Texas A&M University  |b College Station  |c Sterling C. Evans Library  |d Evans: Texas Documents (Annex 5th floor)  |t 0  |e Z TA245.7 L47 NO.5300-5399  |h Superintendent of Documents classification  |i unmediated -- volume  |m A14827563288 
952 f f |a Texas A&M University  |b College Station  |c Sterling C. Evans Library  |d Evans: Texas Documents (Annex 5th floor)  |t 0  |e Z TA245.7 L47 NO.5300-5399  |h Superintendent of Documents classification 
998 f f |a Z TA245.7 L47 NO.5300-5399  |s no.5385-5386,5392-5394,5399  |t 0  |l Evans: Texas Documents (Annex 5th floor)